Irányzatok a mai polgári filozófiában. Egzisztencializmus. Katolikus filozófia. Neopzitivizmus
Elmentve itt :
| Szerző: | |
|---|---|
| További közreműködők: | |
| Adatforrás: | Philobibl |
| Dokumentumtípus: | Könyv |
| Nyelv: | magyar |
| Megjelent: |
Bp.
Gondolat K.
1972
|
| LEADER | 00438nam a2200133 c 4500 | ||
|---|---|---|---|
| 001 | bibDOK00001368 | ||
| 005 | 20200924115744.9 | ||
| 008 | 060518s1972 hu hun | ||
| 100 | 1 | |a Márkus György | |
| 245 | 1 | 0 | |a Irányzatok a mai polgári filozófiában. Egzisztencializmus. Katolikus filozófia. Neopzitivizmus |c Márkus György ; Tordai Zádor |
| 260 | |a Bp. |b Gondolat K. |c 1972 | ||
| 300 | |a 527 p. | ||
| 500 | |a 2. jav. kiad. | ||
| 700 | 1 | |a Tordai Zádor | |